000 01441nam0a2200361 4500
001 RU\NLR\bibl\213209
005 20260407070955.0
010 _a5-93640-003-4
_91000
021 _aRU
_b2001-35052
_91668
035 _a(NLR Aleph) 000209365
090 _a1214992
_c1214992
100 _a20011129d1999 |||y0rusy50 ca
101 0 _arus
102 _aRU
105 _ay |||||||||
200 1 _aУправление персоналом
210 _aМ.
_cМеждунар. журн. "Проблемы теории и практики упр."
_d1999
215 _a92 с.
_d22
225 1 _aТематический сборник статей, опубликованных в международном журнале "Проблемы теории и практики управления"
_vВып. 9
606 0 _aКадры
_jСборники
_xУправление
_91230348
_3RU\NLR\auth\66501673
610 0 _aКадры - Управление
610 0 _aОрганизация управления
675 _a338.24
_v3
_zrus
686 _a06.75
_2rugasnti
686 _a65.050
_2rubbk
686 _aУ24(0)0-21я43
711 0 2 _a"Проблемы теории и практики управления", журнал
_cМосква
_3RU\NLR\AUTH\8810034506
_9567319
801 0 _aRU
_bRKP
_c20011129
_gPSBO
801 1 _aRU
_bRKP
_c20011129
801 2 _aRU
_bNLR
_c20020219
_grcr
942 _cBOOK
980 _aNB